Les Emirats Arabes Unis pour les touristes... - Statistiques

Statistiques générales
  • Ce quiz a été pris 53 fois
  • Le résultat moyen est 8 sur 20
Statistiques - réponses
Question Indice Réponses % Correct
Quelle est la langue officielle ? Arabe
100%
Le principal aéroport est D Dubai
73%
Quelles sont les principaux lieux touristiques ? D Emirat de {Dubaï}
73%
La religion majoritaire est Islam
67%
Achats à faire D1/ Fruits secs farcis Dattes
65%
Comment se nomme la principale compagnie aérienne locale E Emirates
65%
Combien d'heures (environ) mettrez-vous pour vous y rendre ? (en chiffres) 7
63%
Quelles sont les principaux lieux touristiques ? A D Ville d'{Abu Dhabi}
63%
Dans la capitale quel est le décalage horaire avec Paris ? (+ ou - et chiffre) ex - 10 ou + 3,5 + 2
60%
Achats à faire 2/ Epice orangée Safran
54%
Le suffixe internet est ae
33%
Code sur les plaques minéralogiques UAE
25%
Achats à faire 3/ Service à Thé
19%
Quelles sont les principaux lieux touristiques ? F Emirat de {Fujairah}
15%
Quelles sont les principaux lieux touristiques ? S Souk bleu de {Sharjah}
10%
Achats à faire 4/ Poignard traditionnel Khanjar
8%
Quelle est la monnaie ? Dirham des Emirats arabes unis
6%
Quel est le régime du pays ? M A Monarchie constitutionnelle
4%
Quel est le climat local ? S A Subtropical aride
4%
Quelles sont les principaux lieux touristiques ? R {Ras el Khaimah}
2%
Aucun quiz correspondant
Distribution des résultats
% des personnes avec chaque résultat
Percentile par nombre de réponses
Votre historique - résultats
Vous n’avez pas pris ce quiz